Prehľad o peňažných tokoch cash-flow

Prax si vyžiadala potrebu zobrazenia pohybu peňazí za určité obdobie v prehľadnej forme. Jednou z foriem zobrazenia pohybu peňazí je prehľad o peňažných tokoch (cash flow), ktorý sa zostavuje podľa opatrenia č. 65/277/1993. Týmto opatrením sa ustanovuje obsah prílohy tvoriacej súčasť účtovnej závier...

Ausführliche Beschreibung

Gespeichert in:
Bibliographische Detailangaben
1. Verfasser: Juríková, Renáta
Format: Buchkapitel
Sprache:Slowakisch
Schlagworte:
Tags: Tag hinzufügen
Keine Tags, Fügen Sie das erste Tag hinzu!

MARC

LEADER 00000naa a2200000 4500
001 r030998
005 20230919081037.8
041 0 |a slo 
044 |a SK 
245 1 0 |a Prehľad o peňažných tokoch cash-flow  |c Renáta Juríková 
520 |a Prax si vyžiadala potrebu zobrazenia pohybu peňazí za určité obdobie v prehľadnej forme. Jednou z foriem zobrazenia pohybu peňazí je prehľad o peňažných tokoch (cash flow), ktorý sa zostavuje podľa opatrenia č. 65/277/1993. Týmto opatrením sa ustanovuje obsah prílohy tvoriacej súčasť účtovnej závierky podnikateľov. Zostavovanie prehľadu o peňažných tokoch. Príklady. Súvaha. Výkaz ziskov a strát. 
610 2 0 |a cash flow 
610 2 0 |a financie podnikové 
610 2 0 |a prostriedky peňažné 
610 2 0 |a hospodárenie podnikové 
610 2 0 |a príjmy 
610 2 0 |a výdavky 
610 2 0 |a výsledok hospodársky 
610 2 0 |a zisk 
610 2 0 |a súvaha 
610 2 0 |a výkazy účtovné 
610 2 0 |a výkaz ziskov a strát 
100 1 |a Juríková, Renáta